<?xml version="1.0" encoding="UTF-8"?>
<collection xmlns="http://www.loc.gov/MARC21/slim">
<record>
  <controlfield tag="001">131888</controlfield>
  <controlfield tag="005">20240705134222.0</controlfield>
  <datafield tag="024" ind1="7" ind2=" ">
    <subfield code="2">doi</subfield>
    <subfield code="a">10.7203/SAGVNTVM.55.25636</subfield>
  </datafield>
  <datafield tag="024" ind1="8" ind2=" ">
    <subfield code="2">sideral</subfield>
    <subfield code="a">137236</subfield>
  </datafield>
  <datafield tag="037" ind1=" " ind2=" ">
    <subfield code="a">ART-2023-137236</subfield>
  </datafield>
  <datafield tag="041" ind1=" " ind2=" ">
    <subfield code="a">spa</subfield>
  </datafield>
  <datafield tag="100" ind1=" " ind2=" ">
    <subfield code="a">Bea Martínez, Manuel</subfield>
  </datafield>
  <datafield tag="245" ind1=" " ind2=" ">
    <subfield code="a">Nuevo estudio de los conjuntos rupestres del Barranco de Gibert I y II (Mosqueruela, Teruel) y su contextualización arqueológica en el Maestrazgo</subfield>
  </datafield>
  <datafield tag="260" ind1=" " ind2=" ">
    <subfield code="c">2023</subfield>
  </datafield>
  <datafield tag="506" ind1="0" ind2=" ">
    <subfield code="a">Access copy available to the general public</subfield>
    <subfield code="f">Unrestricted</subfield>
  </datafield>
  <datafield tag="520" ind1="3" ind2=" ">
    <subfield code="a">La nueva documentación llevada a cabo en los abrigos de Barranco de Gibert I y II (Mosqueruela, Teruel), con representaciones clasificables dentro del ciclo Levantino y Esquemático/Abstracto, ha permitido registrar nuevos motivos no identificados hasta el momento, así como plantear la reinterpretación de algunas representaciones ya conocidas. Para el conjunto Levantino (Barranco Gibert I) se ofrece una nueva lectura de la composición escénica sugiriendo una posible interpretación como una escena bélica. La homogeneidad estilística de los motivos conservados en el panel permite clasificar sus representaciones dentro del tipo Lineal/Cingle, bien documentado en conjuntos del entorno regional y característicos de las fases finales de la secuencia levantina. La plasmación de un tocado de antenas en el motivo principal del conjunto lo pone en relación con el restringido conjunto de motivos con este tipo de tratamiento, enfatizando el carácter regional del mismo al ser representativo de estos territorios.</subfield>
  </datafield>
  <datafield tag="536" ind1=" " ind2=" ">
    <subfield code="9">info:eu-repo/grantAgreement/ES/AEI/PID2020-116598GB-I00</subfield>
    <subfield code="9">info:eu-repo/grantAgreement/ES/DGA/H14-17R</subfield>
    <subfield code="9">info:eu-repo/grantAgreement/EC/H2020/819404/EU/ Breaking barriers between Science and Heritage approaches to Levantine Rock Art through Archaeology, Heritage Science and IT /LArcHer</subfield>
    <subfield code="9">This project has received funding from the European Union’s Horizon 2020 research and innovation program under grant agreement No H2020 819404-LArcHer</subfield>
    <subfield code="9">info:eu-repo/grantAgreement/ES/MICIU/HAR2016-80693-P</subfield>
  </datafield>
  <datafield tag="540" ind1=" " ind2=" ">
    <subfield code="9">info:eu-repo/semantics/openAccess</subfield>
    <subfield code="a">by-nc-sa</subfield>
    <subfield code="u">http://creativecommons.org/licenses/by-nc-sa/3.0/es/</subfield>
  </datafield>
  <datafield tag="592" ind1=" " ind2=" ">
    <subfield code="a">0.298</subfield>
    <subfield code="b">2023</subfield>
  </datafield>
  <datafield tag="593" ind1=" " ind2=" ">
    <subfield code="a">Archeology (arts and humanities)</subfield>
    <subfield code="c">2023</subfield>
    <subfield code="d">Q2</subfield>
  </datafield>
  <datafield tag="593" ind1=" " ind2=" ">
    <subfield code="a">Archeology</subfield>
    <subfield code="c">2023</subfield>
    <subfield code="d">Q2</subfield>
  </datafield>
  <datafield tag="655" ind1=" " ind2="4">
    <subfield code="a">info:eu-repo/semantics/article</subfield>
    <subfield code="v">info:eu-repo/semantics/publishedVersion</subfield>
  </datafield>
  <datafield tag="700" ind1=" " ind2=" ">
    <subfield code="a">Domingo Sanz, Inés</subfield>
  </datafield>
  <datafield tag="700" ind1=" " ind2=" ">
    <subfield code="a">Román Monroig, Dídac</subfield>
  </datafield>
  <datafield tag="700" ind1=" " ind2=" ">
    <subfield code="a">Angás Pajas, Jorge</subfield>
    <subfield code="0">(orcid)0000-0003-3854-2158</subfield>
  </datafield>
  <datafield tag="773" ind1=" " ind2=" ">
    <subfield code="g">55 (2023), 69-90</subfield>
    <subfield code="t">Sagvntvm</subfield>
    <subfield code="x">2174-517X</subfield>
  </datafield>
  <datafield tag="856" ind1="4" ind2=" ">
    <subfield code="s">1802975</subfield>
    <subfield code="u">http://zaguan.unizar.es/record/131888/files/texto_completo.pdf</subfield>
    <subfield code="y">Versión publicada</subfield>
  </datafield>
  <datafield tag="856" ind1="4" ind2=" ">
    <subfield code="s">1817105</subfield>
    <subfield code="u">http://zaguan.unizar.es/record/131888/files/texto_completo.jpg?subformat=icon</subfield>
    <subfield code="x">icon</subfield>
    <subfield code="y">Versión publicada</subfield>
  </datafield>
  <datafield tag="909" ind1="C" ind2="O">
    <subfield code="o">oai:zaguan.unizar.es:131888</subfield>
    <subfield code="p">articulos</subfield>
    <subfield code="p">driver</subfield>
  </datafield>
  <datafield tag="951" ind1=" " ind2=" ">
    <subfield code="a">2024-07-05-12:54:27</subfield>
  </datafield>
  <datafield tag="980" ind1=" " ind2=" ">
    <subfield code="a">ARTICLE</subfield>
  </datafield>
</record>
</collection>